Регионална библиотека "Любен Каравелов" - Русе

Твой един син, Българийо (Запис номер 173982)

MARC детайли
000 -Лидер
Контролно поле с фиксирана дължина 01168nam a2200289 c 4500
003 - Код на организацията, давaща контролен номер
Контролно поле BLK
005 - Дата и час на последна редакция
Контролно поле 20180422114625.0
008 - Елементи от данни с фиксирана дължина
fixed length control field 180411b bul|||||r ||||||| ||bul||
010 ## - Наследен системен номер
LC control number KNG00182427000
040 ## - Източник на каталожния запис
Идентификатор на билиотеката - собственик на записа BLK
041 ## - Код за език
Код за езика на текст/звукозапис или на отделно заглавие Български
Код за езика КДБФ Български
080 ## - УДК
Текстов определител УДК Българска литература
УДК код - определител по УДК 821.163.2
УДК определител -1
УДК - код + определител 821.163.2-1
139 ## - Редно поле
Редна дума Твой един син, Българийо
Авторски знак Тво - Т 44
245 10 - Сведения за заглавието
Заглавие Твой един син, Българийо
Подзаглавни данни Поет. антология за Васил Левски
Редно поле (дума) състав. Александър Костадинов Бандеров; състав. Добромир Маринов Тонев.
257 ## - Страна на издаване
Страна на създаване/издаване България
260 ## - Област на издателските данни
-- Пловдив
Име на издателя, разпространителя и проч. Христо Г. Данов
Година на издаване 1987
300 ## - Физическа характеристика
Страници 152 с.
Размери/Мащаб 21 см
380 ## - Жанр
Жанр Худож. лит.
500 ## - Общи забележки
Забележка 7 137 тир.
700 1# - Други автори (авторска отговорност)
Лично име Бандеров, Александър Костадинов
Автороска отговорност (Описва отношението между автора и произведението) състав.
9 (RLIN) 383065
700 1# - Други автори (авторска отговорност)
Лично име Тонев, Добромир Маринов
Автороска отговорност (Описва отношението между автора и произведението) състав.
9 (RLIN) 365022
852 ## - Местоположение
Форматна сигнатура Цб 148615
856 4# - Електронен адрес и достъп
Електронен формат pdf - файл
Път до файла /url/
856 4# - Електронен адрес и достъп
Електронен формат pdf - файл
Път до файла /url/
942 ## - АРТИКУЛИ
Вид на библиотечния материал Книги
Скрит в OPAC Не
944 ## - СЪЗДАВАНЕ И РЕДАКЦИЯ на ЗАПИСА
Създаване/Редакция Създаване
Дата на регистрацията/редакция 23.09.2015
Служител, извършил регистрацията/редакцията Камелия_Данева
944 ## - СЪЗДАВАНЕ И РЕДАКЦИЯ на ЗАПИСА
Създаване/Редакция Редакция
Дата на регистрацията/редакция 13.09.2017
Служител, извършил регистрацията/редакцията Севдалина_Василева
999 ## - СИСТЕМНИ КОНТРОЛНИ НОМЕРА
Koha biblionumber 173982
Koha biblioitemnumber 173982
Наличности
Код за отписване Код за изгубен артикул Източник на класификационната схема Код за повреда Коз за рестрикции Код за отдаване Артикулен № Име на библиотеката - собственик Име на библиотеката, в която се намира в момента Статус (Текущо местоположение) Дата на вписване в системата Местоположение - отдел Цена в лева Инвентарен номер Систематично азбучна сигнатура Баркод Номер на екземпляра Цена в евро Служебна бележка Служебен тип на артикула Бележка за публиката
  Не е изгубен Universal Decimal Classification Не е повреден без рестрикции ползва се в читалня 298038 Регионална библиотека "Любен Каравелов" Русе Регионална библиотека "Любен Каравелов" Русе Хранилище 1987-01-01 Хранилище 1.30 479010 Цб 148615 120000479010 1 0.66 Дост: Dp Вид: Д N: стар фонд Дата: 01.01.1987 Книги  
Изтеглен Не е изгубен Universal Decimal Classification Не е повреден без рестрикции заемане за дома 298039 Регионална библиотека "Любен Каравелов" Русе Регионална библиотека "Любен Каравелов" Русе Заемна - подръчен фонд 1987-01-01 Заемна - подръчен фонд 1.30 485117 П 886.7-1/Т 44 485117 2 0.66 N: стар фонд Дата: 01.01.1987 Дата инв: 14.02.2018 Бележки инв: П2018 Книги  
Изтеглен Не е изгубен Universal Decimal Classification Не е повреден без рестрикции заемане за дома 298040 Регионална библиотека "Любен Каравелов" Русе Регионална библиотека "Любен Каравелов" Русе Заемна - подръчен фонд 1987-01-01 Заемна - подръчен фонд 1.30 485120 П 886.7-1/Т 44 485120 3 0.66 N: стар фонд Дата: 01.01.1987 Дата инв: 14.02.2018 Бележки инв: П2018 Книги  
Изтеглен Не е изгубен   Не е повреден без рестрикции заемане за дома 298041 Регионална библиотека "Любен Каравелов" Русе Регионална библиотека "Любен Каравелов" Русе   1987-01-01 Детски отдел 1.30 485123 ДХ 886.7/Т 44 485123 4 0.66 N: стар фонд Дата: 01.01.1987 Дата инв: 29.09.2015 Бележки инв: Д2015 Книги Отч.N: 28/2017 , Дата: 16.08.2017
Изтеглен Не е изгубен   Не е повреден без рестрикции заемане за дома 298042 Регионална библиотека "Любен Каравелов" Русе Регионална библиотека "Любен Каравелов" Русе Детски отдел 1987-01-01 Детски отдел 1.30 485124 ДХ 886.7/Т 44 485124 5 0.66 N: стар фонд Дата: 01.01.1987 Дата инв: 29.09.2015 Бележки инв: Д2015 Книги  
Изтеглен Не е изгубен   Не е повреден без рестрикции заемане за дома 298043 Регионална библиотека "Любен Каравелов" Русе Регионална библиотека "Любен Каравелов" Русе   1987-01-01 Детски отдел 1.30 485125 ДХ 886.7/Т 44 485125 6 0.66 N: стар фонд Дата: 01.01.1987 Дата инв: 29.09.2015 Бележки инв: Д2015 Книги Отч.N: 28/2017 , Дата: 16.08.2017
Изтеглен Не е изгубен Universal Decimal Classification Не е повреден без рестрикции заемане за дома 298044 Регионална библиотека "Любен Каравелов" Русе Регионална библиотека "Любен Каравелов" Русе Детски отдел 1987-01-01 Детски отдел 1.30 485126 ДХ 886.7/Т 44 485126 7 0.66 N: стар фонд Дата: 01.01.1987 Дата инв: 29.09.2015 Бележки инв: Д2015 Книги  
Vip Innovations Ltd, Rousse, Bulgaria 2025